Cuaderno de Nexos : suplemento de Nexos : Sociedad, Ciencia y Literatura : año 12, volumen 12, número 136, abril 1989 /

Saved in:
Bibliographic Details
Other Authors: Aguilar Camín, Héctor (dirección) (dirección)
Format: Book
Language:Español
Published: México : Nexos, Sociedad, Ciencia y Literatura, 1989
Series:(Cuaderno de Nexos ; 9)
Subjects:
Tags: Add Tag
No Tags, Be the first to tag this record!

MARC

LEADER 00000nam^a2200000^a^4500
001 000630175
005 20260413000000.0
009 20260413195720.655
022 |a 0185-1535 
037 |a Acervo ITESO - Biblioteca 
041 |a ESP 
082 |a 805.  |b NEX SUP V. 9 
240 1 1 |a [Nexos] 
245 0 0 |a Cuaderno de Nexos :  |b suplemento de Nexos : Sociedad, Ciencia y Literatura : año 12, volumen 12, número 136, abril 1989 /  |c Dir. de H. Aguilar Camín. 
264 1 |a México :  |b Nexos, Sociedad, Ciencia y Literatura,  |c 1989 
300 |a XVI p. 
336 |a texto  |b txt  |2 rdacontenido 
337 |a sin mediación  |b n  |2 rdamedio 
338 |a volumen  |b nc  |2 rdasoporte 
440 1 |a (Cuaderno de Nexos ;  |v 9) 
567 |a Catalogación rápida 
649 |a XX 
650 |a Literatura y Sociedad -  |x Publicaciones Periódicas -  |x Tema Principal 
650 |a Literatura -  |x Publicaciones Periódicas -  |x Tema Principal 
650 |a Publicaciones Periódicas Mexicanas 
650 |a Publicaciones Periódicas 
700 |a Aguilar Camín, Héctor  |e (dirección) 
772 0 # |a Nexos : Sociedad, Ciencia y Literatura, suplemento 
910 |a Fondo Castillo-Martínez 
920 |a Impresos - Libros 
930 |a Fondos Especiales 
940 |a Literatura 
905 |a 127 
901 |a 630175-10  |b IT2  |c ESP  |i D  |u 20260413 
902 |a https://opac.biblio.iteso.mx/vufind/Record/000630175